000 00381nam a2200169Ia 4500
003 OSt
005 20240306123054.0
008 170619s9999 xx 000 0 und d
020 _a9780143064831
040 _cIIMT ENGINEERING COLLEGE
100 _ad k the w m
245 0 _aThe Winner's Manual
260 _bd k pub
260 _c2009
546 _aENGLISH
942 _2ddc
_c02
999 _c22459
_d22459